Responsabilidad civil contractual: evolución. Análisis. Presupuestos de responsabilidad. Factores de atribución. Nuevos daños. Daño moral. Personas jurídicas. Acciones y remedios frente al incumplimiento. Jurisprudencia

Saved in:
Bibliografiske detaljer
Hovedforfatter: Salinas Ugarte, Gastón (Author)
Format: Bog
Sprog:spansk
Udgivet: Santiago Legal Publishing 2011
Udgivelse:1a. ed
Fag:
Tags: Tilføj Tag
Ingen Tags, Vær først til at tagge denne postø!

MARC

LEADER 00000cam a2200000 a 4500
001 UCG8572
003 CL-VaPUC
005 20220110174116.0
008 111216e20111100CL |||||||||||||||||spa|d
999 |c 346178  |d 346176 
020 |a 9789563460834t.1 
020 |a 9789563460841t.2 
040 |c Pontificia Universidad Católica de Valparaíso 
082 0 4 |a 346.8302 SAL 2011  |2 21 
100 0 |a Salinas Ugarte, Gastón  |e author  |9 559663 
245 1 0 |a Responsabilidad civil contractual: evolución. Análisis. Presupuestos de responsabilidad. Factores de atribución. Nuevos daños. Daño moral. Personas jurídicas. Acciones y remedios frente al incumplimiento. Jurisprudencia 
250 |a 1a. ed 
260 |a Santiago  |b Legal Publishing  |c 2011 
300 |a t 
583 |a last modification  |c 20111216 11:30:00  |k Rodrigo Vera 
650 0 |a Responsabilidad civil  |2 CL-VaPUC  |9 295720 
650 0 |a Responsabilidad contractual  |9 256720 
942 |c BK  |2 ddc 
945 |d 20111216 00:00:00  |a dcastane 
952 |0 0  |1 0  |2 ddc  |4 0  |6 346_830200000000000_SAL_2011  |7 0  |8 A  |9 446760  |a BIBDER  |b BIBDER  |d 2019-11-22  |h t.1  |i 4815912  |l 12  |o 346.8302 SAL 2011  |p 4815912  |r 2024-09-30  |s 2024-09-30  |w 2019-11-22  |y BK  |k DER 
952 |0 0  |1 0  |2 ddc  |4 0  |6 346_830200000000000_SAL_2011  |7 0  |8 A  |9 446761  |a BIBDER  |b BIBDER  |d 2019-11-22  |h t.2  |i 4815920  |l 5  |o 346.8302 SAL 2011  |p 4815920  |r 2024-09-27  |s 2024-09-27  |w 2019-11-22  |y BK  |k DER